LEADER 01220nam 2200337Ia 450 001 996393947203316 005 20200824132752.0 035 $a(CKB)3810000000005619 035 $a(EEBO)2240946147 035 $a(OCoLC)ocm12205695e 035 $a(OCoLC)12205695 035 $a(EXLCZ)993810000000005619 100 $a19850627d1643 uy | 101 0 $aeng 135 $aurbn||||a|bb| 200 10$aDavids prayer for Solomon$b[electronic resource] $econtaining the proper endowments and duty royall of a king with the consequent blessings upon a kingdome : delivered in a sermon at Christ-Church London before the right honourable the$fby Joseph Caryl .. 210 $aLondon $cPrinted by G. M. for Giles Calvert and are to be sold by Christopher Meredith ...$d1643 215 $a[4], 38 p 300 $aReproduction of original in Thomason Collection, British Library. 330 $aeebo-0158 606 $aKings and rulers$vSermons 615 0$aKings and rulers 700 $aCaryl$b Joseph$f1602-1673.$01003625 801 0$bEAA 801 1$bEAA 801 2$bUMI 801 2$bWaOLN 906 $aBOOK 912 $a996393947203316 996 $aDavids prayer for Solomon$92315930 997 $aUNISA